Le Bon Nombre - Football - Statistiques

Statistiques générales
  • Ce quiz a été pris 1 150 fois
  • Le résultat moyen est 6 sur 10
Réponses sur la Carte
Les réponses sont colorées sur une échelle allant du rouge au vert en fonction du pourcentage des utilisateurs qui les ont devinées à leur premier essai. Vous pouvez retrouver ces pourcentages ci-dessous.
 
Statistiques - réponses
Réponse % Correct
Ballons d'Or remportés par Lionel Messi
90%
Buts inscrits par Cristiano Ronaldo en LDC
79%
Buts marqués par les Bleus lors de France - Gibraltar en 2023
73%
Coupes du monde remportées par l'Uruguay
67%
Buts inscrits par Manuel Neuer
59%
Numéro de maillot de Ronaldinho à l'AC Milan
54%
Cartons rouges pris par Sergio Ramos
52%
Coup-francs marqués par Juninho
50%
Clubs londoniens ayant remporté au moins une fois la LDC
46%
Sélections de Ferenc Puskás avec l'Espagne
35%
Aucun quiz correspondant
Distribution des résultats
% des personnes avec chaque résultat
Percentile par nombre de réponses
Votre historique - résultats
Vous n’avez pas pris ce quiz